[Event "Raciborz op"]
[Site "Raciborz"]
[Date "2008.01.18"]
[Round "8"]
[White "Obrusnik, Dawid"]
[Black "Szneider, Kazimierz"]
[Result "1/2-1/2"]
[WhiteElo "1794"]
[BlackElo "1956"]
[PlyCount "28"]
[EventDate "2008.01.12"]
[EventType "swiss"]
[EventRounds "9"]
[EventCountry "POL"]
[SourceTitle "EXT 2010"]
[Source "ChessBase"]
[SourceDate "2010.11.25"]
[SourceVersion "1"]
[SourceVersionDate "2010.11.25"]
[SourceQuality "1"]

1. e4 e6 2. b3 d5 3. Bb2 Nf6 4. e5 Nfd7 5. f4 c5 6. Nf3 Nc6 7. Be2 Be7 8. 0-0 Nf8 9. c3 Ng6 10. g3 c4 11. d4 cxd3 12. Bxd3 Nf8 13. Nbd2 f6 14. Qe2 f5 1/2-1/2

[Event "Raciborz op"]
[Site "Raciborz"]
[Date "2008.01.18"]
[Round "9"]
[White "Wielosz, Jaroslaw"]
[Black "Obrusnik, Dawid"]
[Result "1-0"]
[WhiteElo "1963"]
[BlackElo "1794"]
[PlyCount "69"]
[EventDate "2008.01.12"]
[EventType "swiss"]
[EventRounds "9"]
[EventCountry "POL"]
[SourceTitle "EXT 2010"]
[Source "ChessBase"]
[SourceDate "2010.11.25"]
[SourceVersion "1"]
[SourceVersionDate "2010.11.25"]
[SourceQuality "1"]

1. d4 Nf6 2. c4 d6 3. Nc3 Nbd7 4. Nf3 e5 5. g3 g6 6. Bg2 Bg7 7. 0-0 0-0 8. e4 c6 9. h3 a6 10. a4 Qc7 11. Be3 b6 12. Qc2 h5 13. Rfd1 Nh7 14. Qe2 f5 15. exf5 gxf5 16. Ng5 Ndf6 17. dxe5 dxe5 18. Nxh7 Kxh7 19. c5 Bb7 20. cxb6 Qf7 21. Bc5 Rg8 22. Qc2 Nd5 23. Kh2 Kh8 24. Nxd5 cxd5 25. Bd6 Rac8 26. Bc7 f4 27. Qb3 h4 28. g4 Qf6 29. Bxd5 Bxd5 30. Rxd5 Qg5 31. b7 f3 32. bxc8Q Rxc8 33. Rad1 Rxc7 34. Rd8+ Kh7 35. Qg8+ 1-0

[Event "Raciborz op"]
[Site "Raciborz"]
[Date "2008.01.13"]
[Round "4"]
[White "Obrusnik, Dawid"]
[Black "Wodzislawski, Marian"]
[Result "0-1"]
[WhiteElo "1794"]
[BlackElo "2058"]
[PlyCount "94"]
[EventDate "2008.01.12"]
[EventType "swiss"]
[EventRounds "9"]
[EventCountry "POL"]
[SourceTitle "EXT 2010"]
[Source "ChessBase"]
[SourceDate "2010.11.25"]
[SourceVersion "1"]
[SourceVersionDate "2010.11.25"]
[SourceQuality "1"]

1. e4 e5 2. Nf3 Nc6 3. Bc4 Be7 4. d4 exd4 5. Nxd4 d6 6. Nc3 Nf6 7. 0-0 0-0 8. Be3 Bd7 9. Bb3 Na5 10. Nde2 Nxb3 11. axb3 Bc6 12. f3 a6 13. Nf4 Re8 14. Qe1 Bf8 15. Qf2 Nd7 16. g4 Be7 17. Ng2 Bf6 18. h4 Bxc3 19. bxc3 a5 20. Qg3 a4 21. g5 Qe7 22. h5 axb3 23. Rxa8 Rxa8 24. cxb3 Ra5 25. b4 Ra2 26. g6 hxg6 27. hxg6 fxg6 28. Nh4 Qe5 29. Qh3 Nf8 30. Bd4 Qg5+ 31. Ng2 Bd7 32. Qh2 Bb5 33. Re1 Qd2 34. Qh3 Bc4 35. Qg3 b6 36. Kh1 Qh6+ 37. Kg1 Qd2 38. Kh1 c5 39. bxc5 bxc5 40. Bg1 Qxc3 41. Nh4 Qf6 42. f4 Ra3 43. Nf3 Rxf3 44. Qxf3 Qh4+ 45. Kg2 Qxe1 46. Bf2 Qe2 47. Qe3 Ne6 0-1

[Event "Polanica Zdroj op-C 43rd"]
[Site "Polanica Zdroj"]
[Date "2007.08.21"]
[Round "5.6"]
[White "Kacinski, Robert"]
[Black "Obrusnik, Dawid"]
[Result "0-1"]
[WhiteElo "1824"]
[BlackElo "1810"]
[PlyCount "96"]
[EventDate "2007.08.17"]
[EventType "swiss"]
[EventRounds "9"]
[EventCountry "POL"]
[SourceTitle "CBM 120 Extra"]
[Source "ChessBase"]
[SourceDate "2007.11.01"]
[SourceVersion "1"]
[SourceVersionDate "2007.11.01"]
[SourceQuality "1"]

1. c4 c6 2. d4 d5 3. cxd5 cxd5 4. Nc3 Nf6 5. Nf3 g6 6. Bf4 Nc6 7. e3 Bg7 8. Ne5 Nh5 9. Bb5 Bxe5 10. dxe5 Nxf4 11. exf4 d4 12. Ne2 Qa5+ 13. Qd2 Qxb5 14. 0-0 Qb4 15. Qxb4 Nxb4 16. Nxd4 0-0 17. g3 Bh3 18. Rfe1 Rfd8 19. Re4 Rd5 20. Ne2 Rad8 21. Nc3 Rd4 22. a3 Nc2 23. Rxd4 Nxd4 24. Ne4 Nf3+ 25. Kh1 Rd4 26. Ng5 Nxg5 27. fxg5 Rd2 28. f4 Rxb2 29. Kg1 Kg7 30. Rc1 Ra2 31. Rc7 Rxa3 32. Rxb7 e6 33. Rb2 Rf3 34. Rf2 Rxf2 35. Kxf2 a5 36. Ke1 Bf1 37. Kd2 a4 38. Kc3 Kf8 39. Kb4 Bb5 40. Ka3 Ke7 41. Kb4 Kd7 42. Ka3 Kc6 43. Kb4 Kd5 44. Ka3 Ke4 45. Kb4 Kf3 46. Kxb5 a3 47. Kc6 a2 48. Kd7 a1Q 0-1

[Event "Polanica Zdroj op-C 43rd"]
[Site "Polanica Zdroj"]
[Date "2007.08.18"]
[Round "2.9"]
[White "Ratajczyk, Rafal"]
[Black "Obrusnik, Dawid"]
[Result "1-0"]
[WhiteElo "1654"]
[BlackElo "1810"]
[PlyCount "80"]
[EventDate "2007.08.17"]
[EventType "swiss"]
[EventRounds "9"]
[EventCountry "POL"]
[SourceTitle "CBM 120 Extra"]
[Source "ChessBase"]
[SourceDate "2007.11.01"]
[SourceVersion "1"]
[SourceVersionDate "2007.11.01"]
[SourceQuality "1"]

1. Nf3 d5 2. g3 g6 3. Bg2 Bg7 4. 0-0 Nf6 5. d3 0-0 6. Nbd2 Re8 7. Re1 e5 8. e4 d4 9. Nf1 c5 10. a4 Nc6 11. h4 Ng4 12. h5 h6 13. hxg6 fxg6 14. Nh4 Kh7 15. Bf3 Nf6 16. Nh2 Bh3 17. Ng4 Bxg4 18. Bxg4 h5 19. Bh3 Rf8 20. Nf3 Bh6 21. Bxh6 Kxh6 22. Qd2+ Kg7 23. Ng5 Kg8 24. Be6+ Kh8 25. Nf7+ Rxf7 26. Bxf7 Kg7 27. Be6 Qe7 28. Bh3 Ng4 29. Kg2 Qf6 30. Qe2 Rf8 31. Rf1 Nh6 32. f4 Qe7 33. f5 gxf5 34. Bxf5 Qg5 35. Bh3 h4 36. Rf3 Ne7 37. Kh2 Ng4+ 38. Bxg4 Qxg4 39. Rf7+ Rxf7 40. Qxg4+ Ng6 1-0

[Event "Pszczyna op 3rd"]
[Site "Pszczyna"]
[Date "2007.07.22"]
[Round "9"]
[White "Wiecek, Pawel"]
[Black "Obrusnik, Dawid"]
[Result "1-0"]
[WhiteElo "1991"]
[BlackElo "1810"]
[PlyCount "101"]
[EventDate "2007.07.17"]
[EventType "swiss"]
[EventRounds "9"]
[EventCountry "POL"]
[SourceTitle "EXT 2011"]
[Source "ChessBase"]
[SourceDate "2010.11.26"]
[SourceVersion "1"]
[SourceVersionDate "2010.11.26"]
[SourceQuality "1"]

1. d4 d5 2. g3 Bf5 3. Bg2 Nf6 4. Nf3 e6 5. Nh4 Bg6 6. Nxg6 hxg6 7. c4 c6 8. cxd5 exd5 9. Nc3 Nbd7 10. 0-0 Bd6 11. e4 dxe4 12. Nxe4 Nxe4 13. Bxe4 Qc7 14. Bg5 Nf6 15. Bg2 0-0-0 16. d5 c5 17. b4 Rh5 18. bxc5 Bxc5 19. Bf4 Qd7 20. Rc1 b6 21. Qb3 Rxd5 22. Bxd5 Qxd5 23. Qxd5 Nxd5 24. Be3 Nxe3 25. fxe3 Kb8 26. Rc3 Rd2 27. Rf2 Rd1+ 28. Kg2 f6 29. Kf3 Kc7 30. Ke2 Ra1 31. Kd3 Kd6 32. Ke4 Ke6 33. Rd3 Re1 34. Kf3 f5 35. Re2 Rf1+ 36. Kg2 Rc1 37. e4 Kf6 38. e5+ Ke6 39. Rd8 g5 40. h3 f4 41. gxf4 gxf4 42. Rd3 Be3 43. Ra3 a5 44. Rb3 Kxe5 45. Rxb6 Rg1+ 46. Kh2 Rg3 47. Rb7 Rg6 48. Rg2 Rxg2+ 49. Kxg2 Kf5 50. Kf3 Kg6 51. Rb5 1-0

[Event "Raciborz op"]
[Site "Raciborz"]
[Date "2007.02.23"]
[Round "8"]
[White "Zawierucha, Aleksander"]
[Black "Obrusnik, Dawid"]
[Result "0-1"]
[WhiteElo "2078"]
[BlackElo "1786"]
[PlyCount "54"]
[EventDate "2007.02.17"]
[EventType "swiss"]
[EventRounds "9"]
[EventCountry "POL"]
[SourceTitle "EXT 2011"]
[Source "ChessBase"]
[SourceDate "2010.11.26"]
[SourceVersion "1"]
[SourceVersionDate "2010.11.26"]
[SourceQuality "1"]

1. d4 d5 2. c4 Nc6 3. cxd5 Qxd5 4. e3 e5 5. Nc3 Bb4 6. Bd2 Bxc3 7. bxc3 Qd6 8. Bd3 Nf6 9. Ne2 0-0 10. h3 Nh5 11. 0-0 f5 12. f4 e4 13. Bc2 Be6 14. Bb3 Na5 15. Rb1 Rab8 16. Be1 Nc4 17. Bf2 Kh8 18. g4 fxg4 19. hxg4 Bxg4 20. Bxc4 Qg6 21. Kh2 Nxf4 22. Nxf4 Qh6+ 23. Kg3 Bxd1 24. Rbxd1 g5 25. Ne6 Rf3+ 26. Kg2 Qh3+ 27. Kg1 Qg4+ 0-1

[Event "Raciborz op"]
[Site "Raciborz"]
[Date "2007.02.18"]
[Round "4"]
[White "Szneider, Kazimierz"]
[Black "Obrusnik, Dawid"]
[Result "1-0"]
[WhiteElo "2024"]
[BlackElo "1786"]
[PlyCount "77"]
[EventDate "2007.02.17"]
[EventType "swiss"]
[EventRounds "9"]
[EventCountry "POL"]
[SourceTitle "EXT 2011"]
[Source "ChessBase"]
[SourceDate "2010.11.26"]
[SourceVersion "1"]
[SourceVersionDate "2010.11.26"]
[SourceQuality "1"]

1. d4 d5 2. c4 e6 3. Nc3 Nf6 4. Bg5 Be7 5. e3 c6 6. Nf3 0-0 7. Bd3 dxc4 8. Bxc4 b5 9. Bd3 Bb7 10. 0-0 Nbd7 11. Qe2 a6 12. Rfd1 Qc7 13. Rac1 Nb6 14. Ne5 Nbd7 15. f4 h6 16. Bh4 Rad8 17. Ne4 Nd5 18. Bxe7 Nxe7 19. Nxd7 Rxd7 20. Nc5 Rd6 21. Be4 Nd5 22. Qf3 Bc8 23. Bb1 Rdd8 24. Rd2 Qe7 25. Ne4 Rd7 26. Nc5 Rdd8 27. a3 a5 28. Ne4 Rd7 29. Rxc6 Bb7 30. Rc1 Ba8 31. Qe2 Rb8 32. Nc5 Rdd8 33. Be4 f5 34. Bf3 b4 35. a4 Rbc8 36. Rdc2 Rf8 37. Rc4 Rf6 38. Ne4 fxe4 39. Rxc8+ 1-0

[Event "Karvina op"]
[Site "Karvina"]
[Date "2006.07.??"]
[Round "1"]
[White "Obrusnik, Dawid"]
[Black "Zabystrzan, Pavel"]
[Result "0-1"]
[WhiteElo "1808"]
[BlackElo "2339"]
[PlyCount "50"]
[EventDate "2006.07.??"]
[EventType "swiss"]
[EventRounds "7"]
[EventCountry "CZE"]
[SourceTitle "EXT 2008"]
[Source "ChessBase"]
[SourceDate "2007.11.25"]
[SourceVersion "1"]
[SourceVersionDate "2007.11.25"]
[SourceQuality "1"]

1. e4 c5 2. Nf3 Nc6 3. d4 cxd4 4. Nxd4 e5 5. Nb5 d6 6. c4 Nf6 7. Bd3 Be7 8. 0-0 0-0 9. h3 Be6 10. Be3 a6 11. N5c3 Nd7 12. Nd5 Bg5 13. Nbc3 Bxe3 14. fxe3 Nc5 15. a3 Qg5 16. Rf3 Ne7 17. Nxe7+ Qxe7 18. Qc2 Rac8 19. b3 Qc7 20. Nd5 Bxd5 21. exd5 f6 22. e4 Qb6 23. Kh2 Qxb3 24. Qd2 Nxd3 25. Rxd3 Qxc4 0-1